Bayer 04 Leverkusen Squad 2020-2021 - Statistics

General Stats
  • This quiz has been taken 30 times
    19 since last reset
  • The average score is 18 of 32
Answer Stats
# Position Nation Player % Correct
1 GK Finland Lukáš Hrádecký
94%
14 FW Czech Republic Patrik Schick
94%
9 FW Jamaica Leon Bailey
89%
12 DF Burkina Faso Edmond Tapsoba
83%
4 DF Germany Jonathan Tah
83%
19 FW France Moussa Diaby
78%
20 MF Chile Charles Aránguiz
72%
27 MF Germany Florian Wirtz
72%
13 FW Argentina Lucas Alario
72%
18 DF Brazil Wendell
72%
30 DF Netherlands Jeremie Frimpong
67%
38 FW Germany Karim Bellarabi
67%
25 MF Argentina Exequiel Palacios
61%
10 MF Germany Kerem Demirbay
61%
6 DF Austria Aleksandar Dragović
56%
22 DF Netherlands Daley Sinkgraven
56%
8 DF Germany Lars Bender
56%
- Coach Netherlands Peter Bosz
56%
5 DF Germany Sven Bender
56%
15 MF Austria Julian Baumgartlinger
50%
7 FW Brazil Paulinho
50%
24 DF Netherlands Timothy Fosu-Mensah
50%
16 DF Croatia Tin Jedvaj
50%
36 GK Germany Niklas Lomb
39%
- Coach Germany Hannes Wolf
33%
21 GK Germany Lennart Grill
33%
11 MF Germany Nadiem Amiri
33%
2 DF Colombia Santiago Arias
33%
28 FW England Demarai Gray
28%
23 DF Germany Mitchell Weiser
11%
39 MF Turkey Cem Türkmen
6%
37 FW Germany Emrehan Gedikli
0%
No matching quizzes found
Score Distribution
Percent of People with Each Score
Percentile by Number Answered
Your Score History
You have not taken this quiz since the last reset